000 00699nam a2200253Ia 4500
003 OSt
005 20221006145125.0
006 a|||||r|||| 00| 0
007 ta
008 221006b |||||||| |||| 00| 0 eng d
020 _c175.00
024 _a13,849
037 _cTextual
040 _aEASL
_cEASL
_beng
041 _2eng
_aeng
082 _aV41:1973.N83, M3
100 _aPRADHAN Radhe Gopal
_9653553
245 0 _aAmerican and China
_b Study in cooperation and conflict 1962-1983
260 _aDelhi
_bUDH Pub. India
_c1983
300 _a225p.
_ccm.
490 _v CEL
942 _hV41:1973.N83, M3
_cTEXL
_2CC
999 _c1081935
_d1081935